| 000 | 00544nam a2200169Ia 4500 | ||
|---|---|---|---|
| 008 | 240729s9999 xx 000 0 und d | ||
| 022 | _a2580-5967 | ||
| 245 | 0 | _aJurnal Ilmiah Kedokteran Wijaya Kusuma | |
| 260 | _aIndonesia | ||
| 260 | _bResearch and Community Service Department (LPPM) Universitas Wijaya Kusuma Surabaya | ||
| 650 | _a Medicine (General) | Medicine | ||
| 650 | _a Public aspects of medicine | ||
| 650 | _aMedicine | ||
| 856 | _uhttps://doaj.org/toc/4fd3ddf19733460887960a0f196a0044 | ||
| 942 | _2ddc | ||
| 942 | _cDOAJEJ | ||
| 999 |
_c72359 _d72359 |
||
| 945 |
_a1 _bMadushi Gamage _c1 _dMadushi Gamage |
||